000 01325cam a2200289 a 4500
001 2616718
005 19990406131738.5
008 980915s1999 miuab b 000 0 eng
010 _a 98037771
020 _a0802844960 (pbk. : alk. paper)
040 _aDLC
_cDLC
_dDLC
050 0 0 _aREF BX9422.2
_b.R44 1999
082 0 0 _a284/.2
_221
245 0 4 _aThe Reformed family worldwide :
_ba survey of Reformed Churches, theological schools, and international organizations /
_ccompiled and edited by Jean-Jacques Bauswein and Lukas Vischer.
260 _aGrand Rapids, Mich. :
_bW.B. Eerdmans,
_cc1999.
300 _axiii, 740 p. :
_bill., maps ;
_c24 cm.
500 _a"A project of the International Reformed Center John Knox, Geneva, Switzerland.
504 _aIncludes bibliographical references.
650 0 _aReformed Church.
700 1 _aBauswein, Jean-Jacques.
700 1 _aVischer, Lukas.
710 2 _aInternational Reformed Center John Knox.
906 _a7
_bcbc
_corignew
_d1
_eocip
_f19
_gy-gencatlg
942 _2lcc
_cBK
999 _c39528
_d39528